GIS in the land development planning process.

Perspektívy rôznych súkromných a verejných aktérov v plánovacom procese rozvoja vidieka. Stav analýzy dátových potrieb a metód hodnotenia vidieka, posudzovania hodnoty krajiny a zdokonalenie prevodu pôdy, ktoré vytvárajú princípy stratégie informačných systémov o pôde pre vládu.

Salvato in:
Dettagli Bibliografici
Autore principale: Dueker, K.J
Altri autori: Delacy, P.B
Natura: Capitolo di libro
Lingua:inglese
Soggetti:
Tags: Aggiungi Tag
Nessun Tag, puoi essere il primo ad aggiungerne!!

MARC

LEADER 00000naa a2200000 4500
001 r003243
005 20220819194009.5
041 0 |a eng 
044 |a US 
245 1 0 |a GIS in the land development planning process.  |c K.J. Dueker, P.B. Delacy 
520 |a Perspektívy rôznych súkromných a verejných aktérov v plánovacom procese rozvoja vidieka. Stav analýzy dátových potrieb a metód hodnotenia vidieka, posudzovania hodnoty krajiny a zdokonalenie prevodu pôdy, ktoré vytvárajú princípy stratégie informačných systémov o pôde pre vládu. 
610 2 0 |a systémy informačné 
610 2 0 |a geografia 
610 2 0 |a plánovanie regionálne 
610 2 0 |a vidiek 
610 2 0 |a pôda 
100 1 |a Dueker, K.J. 
700 1 |a Delacy, P.B.